书目信息 |
| 题名: |
润滑油和燃料添加剂的化学和工艺学
|
|
| 作者: | 库利叶夫 著 ;海戈 译 | |
| 分册: | ||
| 出版信息: | 北京 石油工业出版社 1978 |
|
| 页数: | 416页 | |
| 开本: | 19cm | |
| 丛书名: | ||
| 单 册: | ||
| 中图分类: | TH117.2 | |
| 科图分类: | ||
| 主题词: | 机械--润滑 | |
| 电子资源: | ||
| ISBN: | ||
| 000 | 00781nam0 2200229 45 | |
| 001 | 0178001411 | |
| 005 | 20041223105706.1 | |
| 010 | @dCNY1.40 | |
| 091 | @a15037.2007 | |
| 100 | @a19950731d1978 em y0chiy0121 ea | |
| 101 | 1 | @achi@crus |
| 102 | @aCN@b110000 | |
| 105 | @ay z 000yy | |
| 200 | 10 | @a润滑油和燃料添加剂的化学和工艺学@Arun hua you he ran liao tian jia ji de hua xue he gong yi xue@dХимия и технология присадок к маслам и топливам@f(苏)А.М.库利叶夫著@F(Su)А.М.Ku Li Ye Fu Zhu@g海戈等译 |
| 210 | @a北京@c石油工业出版社@d1978 | |
| 215 | @a416页@d19cm | |
| 606 | 0 | @a机械@x润滑 |
| 690 | @aTH117.2@v3 | |
| 701 | 0 | @a库利叶夫@4著 |
| 702 | 0 | @a海戈@Ahai ge@4译 |
| 801 | 0 | @aCN@bNLC@c20041223 |
| 905 | @f1@b5013@dTH117.2@e3 | |
| 润滑油和燃料添加剂的化学和工艺学=Химия и технология присадок к маслам и топливам/(苏)А.М.库利叶夫著/海戈等译.-北京:石油工业出版社,1978 |
| 416页;19cm |
| ISBN :CNY1.40 |
| ● |
| 相关链接 |
|
|
|
|
正题名:润滑油和燃料添加剂的化学和工艺学
索取号:TH117.2/3
 
预约/预借
| 序号 | 登录号 | 条形码 | 馆藏地/架位号 | 状态 | 备注 |
| 1 | 0005013 | 001364516 | 第三借阅区/ [索取号:TH117.2/3] | 在馆 | |
| 2 | 0005014 | 001364473 | 第二样本阅览室/ [索取号:TH117.2/3] | 在馆 |